Statistics for FA Cup Final Winners’ XIs (2010s)

Click here to take the quiz!

General Stats

  • This quiz has been taken 175 times
    (158 since last reset)
  • The average score is 52 of 88

Answer Stats

Player% Correct
Petr Čech
97%
Ederson Moraes
93%
John Terry
93%
Kyle Walker
91%
David de Gea
90%
David Silva
90%
Frank Lampard
90%
Bernardo Silva
89%
Joe Hart
89%
Vincent Kompany
89%
Didier Drogba
88%
Raheem Sterling
88%
Gary Cahill
84%
Thibaut Courtois
84%
Alexis Sánchez
83%
Eden Hazard
83%
Mesut Özil
83%
Ashley Cole
81%
N'Golo Kanté
81%
Olivier Giroud
81%
César Azpilicueta
80%
Gabriel Jesus
79%
Laurent Koscielny
77%
Marcos Alonso
77%
Marcus Rashford
77%
Juan Mata
76%
Aymeric Laporte
74%
Per Mertesacker
74%
Yaya Touré
74%
Victor Moses
73%
Wojciech Szczęsny
72%
Aaron Ramsey
70%
Riyad Mahrez
70%
Chris Smalling
69%
Francesc Fàbregas
69%
Theo Walcott
68%
İlkay Gündoğan
67%
Micah Richards
67%
Aleksandar Kolarov
66%
Branislav Ivanović
66%
David Ospina
66%
Santi Cazorla
66%
Anthony Martial
64%
Héctor Bellerín
64%
Oleksandr Zinchenko
64%
Bacary Sagna
63%
John Obi Mikel
62%
Wayne Rooney
62%
Gareth Barry
60%
Joleon Lescott
60%
Łukasz Fabiański
60%
Antonio Valencia
59%
Florent Malouda
59%
Salomon Kalou
59%
Nacho Monreal
57%
Nicolas Anelka
57%
Carlos Tévez
56%
Ramires
56%
Antonio Rüdiger
55%
Kieran Gibbs
55%
José Bosingwa
54%
Marcos Rojo
54%
Michael Carrick
54%
Michael Ballack
52%
Mario Balotelli
51%
Daley Blind
48%
Granit Xhaka
47%
Alex
45%
Marouane Fellaini
45%
Alex Oxlade-Chamberlain
44%
Lukas Podolski
44%
Mikel Arteta
44%
Danny Welbeck
43%
Rob Holding
34%
Francis Coquelin
31%
Nigel de Jong
30%
Tiémoué Bakayoko
23%
James McCarthy
14%
Shaun Maloney
12%
James McArthur
11%
Callum McManaman
9%
Jordi Gómez
8%
Arouna Koné
7%
Emmerson Boyce
7%
Joel Robles
7%
Paul Scharner
5%
Antolín Alcaraz
4%
Roger Espinoza
2%

Score Distribution

Percentile by Number Answered

Percent of People with Each Score

Your Score History

You have not taken this quiz since the last reset